00000000nam 2200000za 4500
0019.663263
003CaOODSP
00520230427111045
007ta
008150407|2001||||xxc|||||     f|0| 0 eng d
020 |a0-662-66131-1
040 |aCaOODSP|beng
041 |aeng
041 |afre
043 |an-cn---
0861 |aSF31-57/2001
1101 |aCanada. |bOffice of the Commissioner of Official Languages.
24514|aThe governance of Canada's official language minorities : |ba preliminary study / |cby Linda Cardinal and Marie-Ève Hudon.
260 |aOttawa - Ontario : |bOffice of the Commissioner of Official Languages |c2001.
300 |aEnglish text, 74p. : |btables ; |c28 cm.
504 |aBibliography.
546 |aBilingual
563 |aSoftcover
590 |a01-49|b2001-12-07
69007|aOfficial languages|2gcpds
69007|aFederal government|2gcpds
69007|aLanguage minorities|2gcpds
7201 |aCardinal, Linda
7760#|tThe governance of Canada's official language minorities : |w(CaOODSP)9.921996
792 |tLa gouvernance des minorités de langue officielle au Canada : |efre|w(CaOODSP)9.663264